00178nam a2200073Ia 4500008004100000082000800041100002500049245003000074240331s9999 xx 000 0 und d bDIS aDissanayaka, T.D.S.A 4aThe politics of Sri Lanka